000 00482nam a2200169Ia 4500
999 _c21550
_d21550
003 OSt
005 20200520100925.0
008 190216s9999||||xx |||||||||||||| ||und||
020 _a 9780199641291
040 _coclc
082 _a907
_bCOL/I
100 _aCollingwood, R G
_92355
245 4 _aThe Idea Of History /
_cR G Collingwood
260 _bOxford University Press,
_c2011.
_aNew Delhi:
300 _a510p
942 _cBK
_2ddc
_h907
_iCOL/I
_k907
_mCOL/I